| 000 | 00947nam a2200205 a 4500 | ||
|---|---|---|---|
| 001 | 000026862 | ||
| 005 | 20200930030445.0 | ||
| 008 | 110325s1993 dr ac 000 0 spa d | ||
| 040 |
_aDO-SdBNP _bspa _cBNPHU |
||
| 082 |
_axxx _bA678p |
||
| 245 | 0 | 1 |
_aÁreas protegidas en República Dominicana : _bcompendio y resultados : primer seminario nacional / _ccompiladores Gabriel Valdez Sierra y José Ml. Mateo Féliz ; prólogo Miguel Francisco Amaro Guzmán. |
| 260 |
_aSanto Domingo : _bDirección Nacional de Parques : WWF, _bTaller, _c1993. |
||
| 300 |
_a159 p. : _bil., retrs. ; _c24 cm. |
||
| 500 | _aPrimer seminario nacional sobre áreas protegidas en República Dominicana, que se celebró 5 a 7 abril 1991. | ||
| 500 | _aIncluye notas al pie de las páginas | ||
| 700 | 1 |
_aAmaro Guzmán, Miguel Francisco _epról. _953976 |
|
| 700 | 1 |
_aValdez Sierra, Gabriel _ecomp. _937547 |
|
| 700 | 1 |
_aMateo Féliz, José Ml. _ecomp. _953977 |
|
| 049 | _aBNPD | ||
| 999 |
_c26354 _d26354 |
||